<?xml version="1.0" encoding="UTF-8"?>
<collection xmlns:xsi="http://www.w3.org/2001/XMLSchema-instance" xsi:schemaLocation="http://www.loc.gov/MARC21/slim http://www.loc.gov/standards/marcxml/schema/MARC21slim.xsd" xmlns="http://www.loc.gov/MARC21/slim">
 <record>
  <leader>00000cam a22000004a 4500</leader>
  <controlfield tag="001">UP-99796217604738126</controlfield>
  <controlfield tag="003">Buklod</controlfield>
  <controlfield tag="005">20230503092542.0</controlfield>
  <controlfield tag="006">a     r     000 0 </controlfield>
  <controlfield tag="007">ta</controlfield>
  <controlfield tag="008">080210s        xx     d     r    |||| u|</controlfield>
  <datafield tag="020" ind1=" " ind2=" ">
   <subfield code="a">9789715064002</subfield>
  </datafield>
  <datafield tag="035" ind1=" " ind2=" ">
   <subfield code="a">(iLib)UPD-00000281339</subfield>
  </datafield>
  <datafield tag="040" ind1=" " ind2=" ">
   <subfield code="a">DML</subfield>
  </datafield>
  <datafield tag="041" ind1="0" ind2=" ">
   <subfield code="a">fil</subfield>
  </datafield>
  <datafield tag="042" ind1=" " ind2=" ">
   <subfield code="a">DMLUC</subfield>
  </datafield>
  <datafield tag="090" ind1=" " ind2=" ">
   <subfield code="a">PL 6165.4 F96</subfield>
   <subfield code="b">H35 2006</subfield>
  </datafield>
  <datafield tag="100" ind1="1" ind2=" ">
   <subfield code="a">Funilas, Raul</subfield>
  </datafield>
  <datafield tag="245" ind1="1" ind2="0">
   <subfield code="a">Halugaygay sa dalampasigan</subfield>
   <subfield code="c">Raul Funilas ; inedit at may introduksiyon ni Roberto T. Añonuevo.</subfield>
  </datafield>
  <datafield tag="264" ind1=" " ind2="1">
   <subfield code="a">Manila</subfield>
   <subfield code="b">UST Pub. House</subfield>
   <subfield code="c">c2006.</subfield>
  </datafield>
  <datafield tag="300" ind1=" " ind2=" ">
   <subfield code="a">xxix, 117 p.</subfield>
  </datafield>
  <datafield tag="500" ind1=" " ind2=" ">
   <subfield code="a">Pulo -- Kitang -- Mangingitang -- Alig -- Biwas -- Biya -- Bumbon -- Dulong -- Habilin ng ama sa kaniyang anak na mangingisda -- Mandadala -- Maninikin -- Paraw-parawan -- Pasilyo ng lawa -- Regaton -- Salakab -- Suro -- Tarupit -- Duhol -- Ambahan ng siit -- Kanyuto -- Kariyo -- Kaway ng kawayan -- Halugaygay -- Pag-iral -- Dulo ng buhay -- Bawig -- Manananlaw ng gagamba -- Pantalya -- Puthaw -- Sabukot -- Lunday -- Salimsim ng takipsilim -- Tigalpo -- Dalit ng mga ibon -- Sipsip-buto -- Sibo -- Hegalung -- Aldabis balantok Takloban -- Awit ng maglalayag -- Bangkiki -- Buyon -- Talindaw sa lawa -- Kantuni -- Wind blues -- Gagap sa agimat -- Salibsib sa tubig -- Lumang ngata ng ngalumata -- Tibanlos -- Huwa -- Mababaw na balon ang iyong halik -- Magayon -- Panibugho -- Ulikbangon -- Wala nang pumupusag na isda sa lawa -- May luha sa lawa -- Waterlili -- Bukatot -- Huling bagting -- Lumot -- Unos ng dunggot -- Mamamalakaya -- Pana sa lawa -- Mamumukot -- Ang borador -- Dayuhan -- Talahib -- Grassland -- Bundok da beryang -- Talbos -- Lagalag -- Paos na kundiman -- Lungtiang dahon -- Pag-uwi sa pulo -- Hingalo -- Tigang -- Tumbalik sa dalampasigan -- Ama -- Armadahan -- Pulitana -- Kabalyero -- Pukot -- Halon -- Panganay sa panginay -- Dupong Bungkawe -- Saksi ang limbo ng buwan -- Karnal -- Sigaw -- Hinagpis ng buntis -- Asong ulol -- Lipas antok -- Tandang -- Pamunas -- Tumbalik -- Tage -- Mayatbang -- Bolero -- Kumpisal -- Kumukumkum.</subfield>
  </datafield>
  <datafield tag="694" ind1=" " ind2="0">
   <subfield code="a">Binangonan (Rizal)</subfield>
   <subfield code="v">Poetry.</subfield>
  </datafield>
  <datafield tag="695" ind1=" " ind2="0">
   <subfield code="a">Filipino poetry.</subfield>
  </datafield>
  <datafield tag="695" ind1=" " ind2="0">
   <subfield code="a">Sea poetry, Filipino.</subfield>
  </datafield>
  <datafield tag="842" ind1=" " ind2=" ">
   <subfield code="a">Book</subfield>
  </datafield>
  <datafield tag="905" ind1=" " ind2=" ">
   <subfield code="a">FI</subfield>
  </datafield>
  <datafield tag="950" ind1=" " ind2=" ">
   <subfield code="a">Textual</subfield>
  </datafield>
  <datafield tag="852" ind1="0" ind2=" ">
   <subfield code="a">UPD</subfield>
   <subfield code="b">DMLF</subfield>
   <subfield code="h">PL 6165.4 F96 H35 2006</subfield>
  </datafield>
  <datafield tag="942" ind1=" " ind2=" ">
   <subfield code="a">Book</subfield>
  </datafield>
 </record>
</collection>
